Juvenile probation officers' use of the YLS/CMI in routine practice and decision-making: Insights from ethnographic research

Saved in:  
Bibliographic Details
Authors: Maloney, Carrie (Author) ; Miller, Joel (Author)
Format: Electronic Article
Language:English
Published: American Society of Criminology 2016
In:Enthalten in: American Society of Criminology 2016 Annual Meeting
Online Access: Volltext (lizenzpflichtig)
Check availability: HBZ Gateway
Keywords:

MARC

LEADER 00000caa a22000002c 4500
001 1912604094
003 DE-627
005 20250115055010.0
007 cr uuu---uuuuu
008 241217s2016 xx |||||o 00| ||eng c
035 |a (DE-627)1912604094 
035 |a (DE-599)KXP1912604094 
040 |a DE-627  |b ger  |c DE-627  |e rda 
041 |a eng 
084 |a 2,1  |2 ssgn 
100 1 |a Maloney, Carrie  |e VerfasserIn  |4 aut 
245 1 0 |a Juvenile probation officers' use of the YLS/CMI in routine practice and decision-making: Insights from ethnographic research 
264 1 |b American Society of Criminology  |c 2016 
336 |a Text  |b txt  |2 rdacontent 
337 |a Computermedien  |b c  |2 rdamedia 
338 |a Online-Ressource  |b cr  |2 rdacarrier 
655 4 |a Konferenzschrift ; 2016 ; New Orleans, LA 
700 1 |a Miller, Joel  |e VerfasserIn  |4 aut 
773 0 8 |i Enthalten in  |t American Society of Criminology 2016 Annual Meeting 
787 0 8 |i Forschungsdaten  |a Miller, Joel  |t Probation officers' Compliance with the Youth Level of Service/Case Management Inventory (YLS/CMI): A Multi-level Study of Post-implementation Practice across Pennsylvania counties, 2015-2018  |d [Erscheinungsort nicht ermittelbar] : [Verlag nicht ermittelbar], 2020  |w (DE-627)1840039388 
856 4 0 |u http://tinyurl.com/h8ajf4a  |x Verlag  |z lizenzpflichtig  |3 Volltext  |7 1 
935 |a mkri 
951 |a AR 
ELC |a 1 
LOK |0 000 xxxxxcx a22 zn 4500 
LOK |0 001 4637569613 
LOK |0 003 DE-627 
LOK |0 004 1912604094 
LOK |0 005 20241217044636 
LOK |0 008 241217||||||||||||||||ger||||||| 
LOK |0 035   |a (DE-2619)ICPSR164044 
LOK |0 040   |a DE-2619  |c DE-627  |d DE-2619 
LOK |0 092   |o n 
LOK |0 852   |a DE-2619 
LOK |0 852 1  |9 00 
LOK |0 935   |a uvkn  |a nacp 
LOK |0 939   |a 17-12-24  |b l01 
ORI |a SA-MARC-krimdoka001.raw